[Event "Kings Tournament Blitz"]
[Site "Bazna ROU"]
[Date "2014.11.22"]
[Round "1.3"]
[White "Parligras,M"]
[Black "Wei Yi"]
[Result "0-1"]
[WhiteElo "2594"]
[BlackElo "2649"]

1.d4 Nf6 2.Nf3 g6 3.Bf4 Bg7 4.e3 O-O 5.Be2 b6 6.h3 Bb7 7.O-O d6 8.c4 Nbd7
9.Nc3 Ne4 10.Nxe4 Bxe4 11.Bg3 c5 12.Qd2 cxd4 13.Nxd4 Rc8 14.Rac1 Nc5 15.b4 Ne6
16.Nxe6 fxe6 17.Rfd1 Qe8 18.Bg4 Qf7 19.c5 bxc5 20.bxc5 h5 21.Be2 dxc5 22.f3 Bd5
23.Bc4 Rfd8 24.Qe2 Kh7 25.Kh2 Bf6 26.e4 Bc6 27.Ba6 Rxd1 28.Qxd1 Rf8 29.Rxc5 Qe8
30.Qc2 Ba4 31.Qc4 h4 32.Bf2 Qd7 33.e5 Bg5 34.Rc7 Qd1 35.Bg1 Bf4+ 36.Kh1 Be3
37.Qf1 Bxg1 38.Rxe7+ Kh6 39.Qxd1 Bxd1 40.Kxg1 Kg5 41.Rxe6 Rb8 42.Bd3 Kf4  0-1

[Event "Kings Tournament Blitz"]
[Site "Bazna ROU"]
[Date "2014.11.22"]
[Round "2.3"]
[White "Wei Yi"]
[Black "Ni Hua"]
[Result "1/2-1/2"]
[WhiteElo "2649"]
[BlackElo "2677"]

1.e4 e5 2.Nf3 Nc6 3.Bc4 Bc5 4.c3 Nf6 5.d4 exd4 6.cxd4 Bb4+ 7.Bd2 Bxd2+ 8.Nbxd2 d5
9.exd5 Nxd5 10.Qb3 Na5 11.Qa4+ Nc6 12.Qb3 Na5 13.Qa4+ Nc6 14.Qa3 Qe7+ 15.Qxe7+ Ncxe7
16.O-O O-O 17.Nb3 c6 18.Rfe1 Rd8 19.h3 a5 20.Nc5 Kf8 21.Ne4 Nb6 22.Bd3 Nbd5
23.Bc4 Nb6 24.Bd3 Nbd5 25.Bc4 Nb6  1/2-1/2

[Event "Kings Tournament Blitz"]
[Site "Bazna ROU"]
[Date "2014.11.22"]
[Round "3.4"]
[White "Deac,Bogdan-Daniel"]
[Black "Wei Yi"]
[Result "1-0"]
[WhiteElo "2385"]
[BlackElo "2649"]

1.Nf3 Nf6 2.g3 g6 3.Bg2 Bg7 4.c4 O-O 5.d4 c5 6.Nc3 cxd4 7.Nxd4 Qc7 8.b3 d5
9.Ndb5 Qa5 10.Bd2 dxc4 11.bxc4 a6 12.Nd5 Qd8 13.Nbc3 Nc6 14.O-O Na5 15.Qa4 Nc6
16.Rab1 Kh8 17.Rfd1 Bd7 18.Nb6 Rb8 19.Bf4 e5 20.Bg5 Nd4 21.Nxd7 b5 22.Bxf6 Bxf6
23.Qxa6 Bg7 24.Nc5 Qe7 25.N5e4 f5 26.Nd2 e4 27.Nxb5 Nxe2+ 28.Kh1 f4 29.Nxe4 f3
30.Bf1 Qxe4 31.Qd6 h5 32.Qd3 Qe6 33.Re1 Rbd8 34.Qc2 Qc6 35.Qb3 Kh7 36.Qa4  1-0

[Event "Kings Tournament Blitz"]
[Site "Bazna ROU"]
[Date "2014.11.22"]
[Round "4.2"]
[White "Wei Yi"]
[Black "Costachi,M"]
[Result "1-0"]
[WhiteElo "2649"]
[BlackElo "2382"]

1.b3 e5 2.Bb2 Nc6 3.e3 g6 4.f4 Bg7 5.Nf3 d6 6.Bc4 Nge7 7.O-O Be6 8.fxe5 Nxe5
9.Nxe5 Bxe5 10.Bxe5 dxe5 11.Bxe6 fxe6 12.Qg4 Nf5 13.Qe4 Qd5 14.Nc3 Qxe4 15.Nxe4 Ke7
16.Rf2 Nd6 17.Nc5 Rhf8 18.Raf1 Rxf2 19.Rxf2 Rd8 20.Kf1 b6 21.Nd3 Ne4 22.Re2 Rf8+
23.Ke1 Kd6 24.Nb2 b5 25.Nd1 c5 26.d3 Ng5 27.h4 Nf7 28.Nc3 Rb8 29.Rf2 Ke7
30.a4 a6 31.Kd2 Nd6 32.Rf1 e4 33.axb5 exd3 34.bxa6 dxc2 35.a7 Ra8 36.Ra1 Kd7
37.Ra6 Nc8 38.Nb5 e5  1-0

[Event "Kings Tournament Blitz"]
[Site "Bazna ROU"]
[Date "2014.11.22"]
[Round "5.5"]
[White "Jianu,V"]
[Black "Wei Yi"]
[Result "1-0"]
[WhiteElo "2588"]
[BlackElo "2649"]

1.Nf3 Nf6 2.c4 g6 3.g3 Bg7 4.Bg2 O-O 5.O-O d5 6.cxd5 Nxd5 7.d4 Nb6 8.Nc3 Nc6
9.e3 Re8 10.Re1 a5 11.Qe2 e5 12.Nxe5 Nxe5 13.dxe5 Bxe5 14.e4 Be6 15.f4 Bxc3
16.bxc3 Bd5 17.Qf2 Bc6 18.Ba3 Na4 19.Rad1 Qf6 20.Rd4 Qe6 21.h4 b5 22.Qd2 Nb6
23.Qf2 Nc4 24.Bc5 f5 25.Kh2 Bxe4 26.Bxe4 fxe4 27.Qg2 e3 28.Rd3 Rad8 29.Rxd8 Rxd8
30.Bd4 c5 31.Bxc5 Rd2 32.Re2 Rxe2 33.Qxe2 Qe4 34.Kg1 Kg7 35.Bd4+ Kf7 36.Qg2 Qxg2+
37.Kxg2 Ke6 38.Kf3 h5 39.Bxe3 Kf5 40.Bd4 Nd2+ 41.Ke2 Ne4 42.Kf3 Nd2+ 43.Ke2 Nc4
44.Kf3 Nd6 45.Bb6 a4 46.Bd4 Ne4 47.Be5 Nd2+ 48.Ke3 Ne4 49.Kf3 Nc5 50.Ke3 Kg4
51.Kd4 Nd7 52.Kd5 Kxg3 53.Bd6 Kxh4 54.Kc6 Nf6 55.Be7 Kg4 56.Bxf6 Kxf4 57.Kxb5 g5
58.c4 Ke4 59.c5 g4 60.c6 g3  1-0

[Event "Kings Tournament Blitz"]
[Site "Bazna ROU"]
[Date "2014.11.22"]
[Round "7.5"]
[White "Wei Yi"]
[Black "Lupulescu,C"]
[Result "1-0"]
[WhiteElo "2649"]
[BlackElo "2643"]

1.b3 e5 2.Bb2 Nc6 3.e3 Nf6 4.Bb5 Bd6 5.Ne2 Qe7 6.O-O a6 7.Bxc6 dxc6 8.d3 Bg4
9.Nd2 Nd7 10.e4 O-O-O 11.Nc4 Kb8 12.f3 Bh5 13.Qd2 Bb4 14.Bc3 Bxc3 15.Qxc3 f6
16.Kh1 Bf7 17.Na5 Qc5 18.Qd2 g5 19.b4 Qe7 20.a4 Nb6 21.Qc3 h5 22.Qxc6  1-0

[Event "Kings Tournament Blitz"]
[Site "Bazna ROU"]
[Date "2014.11.22"]
[Round "8.2"]
[White "Nevednichy,V"]
[Black "Wei Yi"]
[Result "0-1"]
[WhiteElo "2563"]
[BlackElo "2649"]

1.e4 c5 2.Nf3 Nc6 3.Bb5 g6 4.Bxc6 bxc6 5.O-O Bg7 6.Re1 Nf6 7.c3 O-O 8.h3 Rb8
9.b3 a5 10.Ba3 d6 11.d4 cxd4 12.cxd4 Ba6 13.Nc3 Nh5 14.Qd2 Qd7 15.Rad1 f5
16.e5 h6 17.Na4 Rb5 18.Nc3 Rb7 19.Qe3 Kh7 20.exd6 exd6 21.Qe6 Rd8 22.g3 Nf6
23.Nh4 Rc7 24.Na4 Qxe6 25.Rxe6 Ne4 26.Rxg6 Bf6 27.Rxf6 Nxf6 28.Nxf5 Ne4 29.Re1 Ng5
30.Kg2 Nf7 31.h4 Bd3 32.Ne3 Re8 33.Rc1 Be4+ 34.Kh2 h5 35.Nc3 Bf3 36.Nb1 Nh6
37.Rc3 Rf7 38.Bxd6 Be4  0-1

[Event "Kings Tournament Blitz"]
[Site "Bazna ROU"]
[Date "2014.11.22"]
[Round "9.4"]
[White "Wei Yi"]
[Black "Wang Yue"]
[Result "1/2-1/2"]
[WhiteElo "2649"]
[BlackElo "2711"]

1.b3 e5 2.Bb2 Nc6 3.e3 Nf6 4.Bb5 Bd6 5.Ne2 a6 6.Bxc6 dxc6 7.d3 Bg4 8.Nd2 O-O
9.O-O Qe7 10.e4 Nd7 11.Nc4 f6 12.Kh1 Nc5 13.f3 Bh5 14.a4 Ne6 15.Qe1 Bf7 16.Ne3 g6
17.Qh4 g5 18.Qe1 Bg6 19.Nf5 Qd7 20.Nxd6 cxd6 21.d4 exd4 22.Nxd4 Nxd4 23.Bxd4 d5
24.Bc5 Rf7 25.Rd1 Qe6 26.exd5 Qxe1 27.Rdxe1 cxd5 28.Rf2 Rc8 29.b4 a5 30.c3 axb4
31.Bxb4 Rd7 32.Rd2 Kf7 33.Red1 Ke6 34.Re2+ Kf7 35.Red2  1/2-1/2

[Event "Kings Tournament ROU-CHN 2014"]
[Site "Bazna ROU"]
[Date "2014.11.23"]
[Round "1.2"]
[White "Nevednichy,V"]
[Black "Wei Yi"]
[Result "0-1"]
[WhiteElo "2563"]
[BlackElo "2649"]

1.e4 c5 2.Nf3 Nc6 3.Bb5 g6 4.Bxc6 bxc6 5.O-O Bg7 6.Re1 Nh6 7.c3 O-O 8.d4 cxd4
9.cxd4 d5 10.e5 f6 11.h3 fxe5 12.Nxe5 Qb6 13.b3 Nf7 14.Be3 c5 15.Nf3 Bb7
16.Nc3 cxd4 17.Bxd4 Bxd4 18.Qxd4 Qxd4 19.Nxd4 e5 20.Ne6 Rfc8 21.Nb5 Bc6 22.Nbc7 Rab8
23.Rad1 Rb6 24.f4 Bd7 25.Rxd5 Bxe6 26.Rc5 Bd7 27.fxe5 Rc6 28.Rxc6 Bxc6 29.Na6 Bb7
30.Nb4 Kf8 31.e6 Nd6 32.Re5 Rc7 33.h4 Ke7 34.h5 Kf6 35.Ra5 Be4 36.hxg6 hxg6
37.Nd5+ Bxd5 38.Rxd5 Kxe6 39.Ra5 Kf6 40.Kf2 Nf5 41.g4 Nd4 42.b4 Rb7 43.a3 Nc6
44.Rc5 Ne5 45.Kg3 Rd7 46.Ra5 Nc4 47.Ra6+ Kg5 48.a4 Ne5 49.Ra5 Rd3+ 50.Kg2 Kf4
51.Rxa7 Rd2+ 52.Kh3 g5 53.a5 Rb2 54.Rb7 Kf3 55.Rb8 Ng6  0-1

[Event "Kings Tournament ROU-CHN 2014"]
[Site "Bazna ROU"]
[Date "2014.11.24"]
[Round "2.2"]
[White "Wei Yi"]
[Black "Parligras,M"]
[Result "1-0"]
[WhiteElo "2649"]
[BlackElo "2594"]

1.e4 e5 2.Nf3 Nc6 3.Bb5 Nf6 4.d3 Bc5 5.Bxc6 dxc6 6.Nbd2 O-O 7.Nc4 Nd7 8.O-O Re8
9.Bd2 Bd6 10.Bc3 c5 11.g3 f6 12.Nh4 Nb6 13.Ne3 Bh3 14.Re1 Be6 15.a4 Qd7 16.b3 Nc8
17.Rf1 Bh3 18.Nhg2 Be6 19.Nh4 Bh3 20.Nhg2 Ne7 21.f4 exf4 22.gxf4 Nc6 23.Qh5 Be6
24.Kh1 Qf7 25.Qxf7+ Bxf7 26.Nf5 Ne7 27.Nge3 Nxf5 28.Nxf5 Be6 29.Ne3 b6 30.Rf3 Bd7
31.Rg1 Kf7 32.h4 h5 33.f5 a6 34.Be1 b5 35.Bg3 Bc6 36.Bxd6 cxd6 37.Rfg3 Rg8
38.a5 Rad8 39.c4 Kf8 40.Ng2 Be8 41.Nf4 Bf7 42.Kg2 bxc4 43.bxc4 Rb8 44.Kf3 Rb3
45.Ke2 Rb2+ 46.Ke3 Rb3 47.Kd2 Rb8 48.Ke2 Rb2+ 49.Ke3 Rb3 50.Kd2 Rb2+ 51.Kc3 Rb7
52.R3g2 Rb4 53.Kc2 Ra4 54.Rb1 Rxa5 55.Rb8+ Ke7 56.Rb7+ Ke8 57.Rg1 Ra2+ 58.Kc3 Ra3+
59.Kd2 Ra2+ 60.Ke3 Ra3 61.Rb8+ Ke7 62.Ng6+  1-0

[Event "Kings Tournament ROU-CHN 2014"]
[Site "Bazna ROU"]
[Date "2014.11.25"]
[Round "3.2"]
[White "Lupulescu,C"]
[Black "Wei Yi"]
[Result "0-1"]
[WhiteElo "2643"]
[BlackElo "2649"]

1.d4 Nf6 2.c4 g6 3.Nf3 Bg7 4.e3 O-O 5.Be2 c5 6.d5 e6 7.Nc3 exd5 8.cxd5 d6
9.O-O Bg4 10.e4 Nbd7 11.Qc2 Qe7 12.Re1 a6 13.a4 Rfe8 14.h3 Bxf3 15.Bxf3 c4
16.Be3 Rac8 17.Rad1 Nc5 18.Bxc5 Rxc5 19.e5 dxe5 20.d6 Qd7 21.b4 cxb3 22.Qxb3 Bf8
23.Re3 Re6 24.Qxb7 Rxd6 25.Qxd7 Rxd7 26.Rxd7 Nxd7 27.Rd3 Nb6 28.Ne4 Rc1+
29.Rd1 Rxd1+ 30.Bxd1 a5 31.Bb3 Be7 32.Nd2 Nd7 33.Bd5 Bb4 34.Nc4 Kf8 35.h4 Ke7
36.g3 Nc5 37.Bc6 Ke6 38.Kf1 f5 39.f3 Nb3 40.Kf2 Be7 41.Kg2 Bd8 42.Kh3 Nd4
43.Bb7 Ne2 44.Kg2 Nc3 45.Bc6 Nd5 46.Kh3 Nb4 47.Ba8 Bc7 48.g4 Nd5 49.Bc6 Nf4+
50.Kg3 Nd3 51.Kh3 h6 52.Kg2 Bd8 53.Kg3 Bc7 54.Kg2 Nf4+ 55.Kg3 Ne2+ 56.Kf2 Nf4
57.Kg3 h5 58.gxf5+ gxf5 59.Ne3 Ng6 60.Kh3 Nf4+ 61.Kg3 Ne2+ 62.Kf2 Nc3 63.Kg2 Bd8
64.Kh3 Ne2 65.Bd5+ Kf6 66.Bb7 Nf4+ 67.Kg3 Ne6 68.Kh3 e4 69.fxe4 Nc5 70.Bc6 fxe4
71.Nc4 Kf5 72.Kg3 Bc7+ 73.Kf2 Kf4 74.Be8 Bd8 75.Ke2 Kg4 76.Bc6 Kf4 77.Be8 Nb3
78.Bxh5 Bxh4 79.Kd1 Be7 80.Kc2 Nd4+ 81.Kc3 Nc6 82.Kd2 Bb4+ 83.Ke2 Nd4+ 84.Kf2 Nf5
85.Bg6 e3+ 86.Kf1 Ng3+ 87.Kg2 e2 88.Nb2 Ke5  0-1

[Event "Kings Tournament ROU-CHN 2014"]
[Site "Bazna ROU"]
[Date "2014.11.26"]
[Round "4.2"]
[White "Wei Yi"]
[Black "Jianu,V"]
[Result "1/2-1/2"]
[WhiteElo "2649"]
[BlackElo "2588"]

1.e4 e6 2.d4 d5 3.Nd2 c5 4.exd5 Qxd5 5.dxc5 Nf6 6.Ngf3 Qxc5 7.Bd3 Nbd7 8.O-O Qc7
9.Re1 Be7 10.Ne4 O-O 11.Nxf6+ Nxf6 12.Ne5 Bd6 13.Bf4 b6 14.Qf3 Bb7 15.Qh3 g6
16.Rad1 Rad8 17.Ng4 Nxg4 18.Bxd6 Rxd6 19.Qxg4 Rfd8 20.Qg3 Qc5 21.h3 Rd5 22.Qe3 Qxe3
23.Rxe3 Ba6 24.Kf1 Bxd3+ 25.Rexd3 Rxd3 26.cxd3 Kf8 27.Ke2 Rc8 28.Kd2 Ke7
29.Re1 Rc7 30.Re4 h5  1/2-1/2

[Event "TCh-CHN Division A 2014"]
[Site "Jiangmen CHN"]
[Date "2014.12.06"]
[Round "19.2"]
[White "Wang Yue"]
[Black "Wei Yi"]
[Result "1/2-1/2"]
[WhiteElo "2711"]
[BlackElo "2649"]

1.d4 Nf6 2.c4 g6 3.g3 Bg7 4.Bg2 d5 5.cxd5 Nxd5 6.e4 Nb6 7.Ne2 c5 8.d5 O-O
9.O-O e6 10.Nec3 Na6 11.Na3 exd5 12.exd5 Bf5 13.Be3 Qd7 14.Qb3 Rfe8 15.Rad1 Rac8
16.d6 Nb4 17.Bxc5 Nxa2 18.Bxb6 Nxc3 19.bxc3 axb6 20.c4 Be4 21.Qxb6 Rc6 22.Qb4 Bxg2
23.Kxg2 Bf8 24.Qb5 Re6 25.Nc2 Rexd6 26.Ne3 Rc7 27.Qxd7 Rcxd7 28.Rxd6 Rxd6
29.Rb1 Rd7 30.Rf1 Rd6 31.Rb1 Rd7 32.Nd5 Kg7 33.g4 h6 34.Rb5 Be7 35.Kf3 Bh4
36.Ke3 f5 37.gxf5 gxf5 38.f4 Kg6 39.Rb6+ Kg7 40.Kf3 Bd8 41.Rb5 Kg6 42.Ne3 Rd3
43.Ke2 Rd4 44.Kf3 Rd3 45.Rxb7 Ba5 46.c5 Rc3 47.Rb5 Bc7 48.h3 Kh5 49.c6 Kg6
50.h4 Bd6 51.Ke2 Rxc6 52.Rxf5 Rc2+ 53.Kf3 Rh2 54.Kg4 Re2 55.h5+ Kg7 56.Kf3 Ra2
57.Rd5 Bf8 58.Rd7+ Kf6 59.Rc7 Ra3 60.Rc6+ Kf7 61.Ke4 Ra4+ 62.Nc4 Bg7 63.Kf5 Ra1
64.Nd6+ Kg8 65.Rc8+ Bf8 66.Ne4 Kf7 67.Rc7+ Be7 68.Nc3 Ra5+ 69.Ke4 Ke6 70.Rc6+ Bd6
71.Rb6 Kd7 72.Nd5 Ra4+ 73.Ke3 Bc5+ 74.Kf3 Ra3+ 75.Kg4 Bxb6 76.Nxb6+ Ke6 77.Nc4 Ra1
78.Ne3 Rg1+ 79.Kf3 Rh1 80.Kg4 Ra1 81.Nf5  1/2-1/2

[Event "TCh-CHN Division A 2014"]
[Site "Jiangmen CHN"]
[Date "2014.12.07"]
[Round "20.6"]
[White "Wei Yi"]
[Black "Liu,Chang"]
[Result "1-0"]
[WhiteElo "2649"]
[BlackElo "2368"]

1.e4 e6 2.d4 d5 3.Nd2 c5 4.exd5 exd5 5.Ngf3 Nf6 6.Bb5+ Bd7 7.Bxd7+ Nbxd7
8.O-O Be7 9.dxc5 Nxc5 10.Nb3 Nce4 11.Nfd4 Qd7 12.f3 Nd6 13.Nc5 Qc7 14.Nd3 O-O
15.Kh1 Rfe8 16.b3 Rad8 17.Be3 g6 18.Qd2 a6 19.Rae1 Nb5 20.Nxb5 axb5 21.Bd4 Nd7
22.Nf4 Qd6 23.Ba1 Bg5 24.Qd4 Bf6 25.Rxe8+ Rxe8 26.Qxd5 Qxf4 27.Qxd7 Re2 28.g3 Qh6
29.Qc8+ Kg7 30.Bxf6+ Kxf6 31.Qc3+ Ke6 32.Rf2 Rxf2 33.Qe1+ Kd5 34.Qxf2 Qc1+
35.Kg2 Qd1 36.Kh3 Kc6 37.g4 h6 38.Kg3 Kd5 39.c3 g5 40.f4 Ke4 41.fxg5 Qd6+
42.Kg2 Kd3 43.Qd4+  1-0

[Event "TCh-CHN Division A 2014"]
[Site "Jiangmen CHN"]
[Date "2014.12.08"]
[Round "21.1"]
[White "Wei Yi"]
[Black "Wang,Yiye"]
[Result "1-0"]
[WhiteElo "2649"]
[BlackElo "2422"]

1.e4 e6 2.d4 d5 3.Nc3 Nf6 4.e5 Nfd7 5.f4 c5 6.Nf3 Nc6 7.Be3 a6 8.Qd2 b5 9.dxc5 Bxc5
10.Bd3 Qb6 11.Bxc5 Qxc5 12.Qf2 Qb4 13.O-O Qxf4 14.Ne2 Qh6 15.Ned4 Nxd4 16.Nxd4 O-O
17.Rae1 f5 18.Re3 Nc5 19.Rh3 Nxd3 20.cxd3 Qg5 21.Nb3 Bd7 22.Nc5 Qe7 23.d4 a5
24.Qe2 Rac8 25.Kh1 Rc7 26.Ra3 Ra8 27.g4 Rxc5 28.dxc5 d4 29.gxf5 Bc6+ 30.Kg1 Qxc5
31.Rg3 Qd5 32.Qg4 g6 33.f6 Qxe5 34.h4 Rf8 35.Qg5 Qxg5 36.hxg5 e5 37.Rc1 Rc8
38.Rd3 Bd7 39.Rxc8+ Bxc8 40.Rd2 Bf5 41.Re2 e4 42.Rd2 d3 43.Kf2 Kf7 44.Ke3 h6
45.gxh6 g5 46.Rd1 Bh7 47.Rf1 a4 48.a3 Bg6 49.Rc1 Kxf6 50.Rc7  1-0

[Event "TCh-CHN Division A 2014"]
[Site "Jiangmen CHN"]
[Date "2014.12.09"]
[Round "22.6"]
[White "Ma,Zhonghan"]
[Black "Wei Yi"]
[Result "1/2-1/2"]
[WhiteElo "2471"]
[BlackElo "2649"]

1.c4 Nf6 2.Nf3 e6 3.d4 c5 4.d5 exd5 5.cxd5 d6 6.Nc3 g6 7.e4 Bg7 8.h3 a6 9.a4 Nbd7
10.Bd3 Nh5 11.O-O Ne5 12.Be2 Nxf3+ 13.Bxf3 Qh4 14.Qd2 h6 15.Ne2 O-O 16.Nf4 Nxf4
17.Qxf4 Qe7 18.Qg3 a5 19.Re1 Rd8 20.Rb1 Rb8 21.Bd2 b5 22.axb5 Rxb5 23.Be2 Rxb2
24.Rxb2 Bxb2 25.Bxa5 Re8 26.Bb5 Bd7 27.Bxd7 Qxd7 28.Bc3 Bxc3 29.Qxc3 Qa4
30.Qf6 Rxe4 31.Rxe4 Qxe4 32.Qxd6 Qe1+ 33.Kh2 Qxf2 34.Qd8+ Kg7 35.d6 Qf6 36.Qc7 Qe5+
37.Kh1 c4 38.Qe7 Qf6 39.Qc7 Qa1+ 40.Kh2 Qe5+ 41.Kh1 c3 42.Qc8 Qxd6 43.Qxc3+ Qf6
44.Qd3 h5  1/2-1/2

[Event "Gibraltar Masters 2015"]
[Site "Caleta ENG"]
[Date "2015.02.03"]
[Round "8.7"]
[White "Wei Yi"]
[Black "Rodshtein,M"]
[Result "1/2-1/2"]
[WhiteElo "2675"]
[BlackElo "2680"]

1.e4 c6 2.d4 d5 3.Nc3 dxe4 4.Nxe4 Bf5 5.Ng3 Bg6 6.h4 h6 7.Nf3 Nd7 8.h5 Bh7
9.Bd3 Bxd3 10.Qxd3 e6 11.Bd2 Ngf6 12.O-O-O Be7 13.Kb1 O-O 14.Ne4 Nxe4 15.Qxe4 Nf6
16.Qe2 Qd5 17.Be3 Ng4 18.Bc1 Rfd8 19.c4 Qf5+ 20.Ka1 c5 21.Ne5 Nxe5 22.dxe5 Rd4
23.Rxd4 cxd4 24.Rd1 Rd8 25.Rd3 f6 26.exf6 Bxf6 27.g4 Qe5 28.Qxe5 Bxe5 29.Kb1 Bf6
30.f4 e5 31.fxe5 Bxe5 32.Kc2 Rc8 33.b3 b5 34.Bb2 bxc4 35.bxc4 a5 36.Kb3 Rb8+
37.Kc2 Rc8 38.Kb3  1/2-1/2

[Event "Gibraltar Masters 2015"]
[Site "Caleta ENG"]
[Date "2015.02.05"]
[Round "10.10"]
[White "Wei Yi"]
[Black "Felgaer,R"]
[Result "1-0"]
[WhiteElo "2675"]
[BlackElo "2575"]

1.e4 c5 2.Nf3 Nc6 3.Nc3 g6 4.d4 cxd4 5.Nxd4 Bg7 6.Be3 Nf6 7.Bc4 d6 8.f3 O-O
9.Qd2 Nxd4 10.Bxd4 Be6 11.Bb3 Qa5 12.O-O-O b5 13.Kb1 Rfc8 14.Rhe1 Bxb3 15.cxb3 Rab8
16.h4 b4 17.Nd5 Nxd5 18.exd5 Bxd4 19.Qxd4 Rb7 20.Qd2 Qd8 21.h5 a5 22.g4 Rbc7
23.Re2 Rc5 24.f4 Qd7 25.hxg6 fxg6 26.Re6 Qc7 27.Re2 Qd7 28.f5 Rc2 29.Qxc2 Rxc2
30.Kxc2 gxf5 31.gxf5 Qxf5+ 32.Rd3 Kf8 33.a4 Ke8 34.Re3 h5 35.Kb1 Kd8 36.Ka2 Kd7
37.Rd4 Qg5 38.Rh3 Qe5 39.Rd2 Qg5 40.Rd1 Qe5 41.Rh4 Qf5 42.Rd2 Qg5 43.Rdh2 Qxd5
44.Rxh5 e5 45.Rh7+ Kc6 46.Rc2+ Kb6 47.Re7 Qa8 48.Rd7 Qf8 49.Rdc7 Qf3 50.Rc8 Kb7
51.R2c7+ Kb6 52.Rd7 Qf6 53.Rb8+ Kc6 54.Ra7 e4 55.Rxa5 e3 56.Re8 Qf2 57.Ra7 d5
58.Re6+ Kc5 59.Rc7+ Kd4 60.Rce7 Kd3 61.Rxe3+ Qxe3 62.Rxe3+ Kxe3 63.a5 d4
64.a6 d3 65.a7 d2 66.a8=Q d1=Q 67.Qe8+ Kd2 68.Qe4 Kc1 69.Qxb4 Qd7 70.Qc5+ Kd1
71.Ka3 Qd8 72.Qg1+ Kc2 73.Qf2+ Kd1 74.Qf1+ Kd2 75.Qc4 Kd1 76.b4 Qa8+ 77.Kb3 Qf3+
78.Ka2 Qa8+ 79.Kb1 Kd2 80.b5 Qh1+ 81.Ka2 Qa8+ 82.Kb3 Qe8 83.b6 Qe3+ 84.Qc3+ Kd1
85.Ka2 Qe4 86.b7  1-0

[Event "IND-CHN Summit 2015"]
[Site "Hyderabad IND"]
[Date "2015.03.04"]
[Round "3.1"]
[White "Adhiban,Baskaran"]
[Black "Wei Yi"]
[Result "1-0"]
[WhiteElo "2646"]
[BlackElo "2706"]

1.e4 c5 2.Nf3 d6 3.d4 cxd4 4.Nxd4 Nf6 5.Nc3 a6 6.Bg5 e6 7.f4 Qb6 8.Qd3 Qxb2
9.Rb1 Qa3 10.Be2 Nbd7 11.O-O Be7 12.Kh1 h6 13.Qh3 Qc5 14.Rbd1 Qc7 15.Bh4 Nc5
16.Bxf6 Bxf6 17.e5 dxe5 18.Ndb5 axb5 19.Nxb5 Qb6 20.Nd6+ Ke7 21.fxe5 Nd7
22.exf6+ Nxf6 23.Qg3 Kf8 24.Nxf7 Kxf7 25.Bh5+  1-0

[Event "CHN-RUS Super Go 2015"]
[Site "Heixiazi CHN"]
[Date "2015.07.29"]
[Round "1.2"]
[White "Wei Yi"]
[Black "Karjakin,Sergey"]
[Result "0-1"]
[WhiteElo "2724"]
[BlackElo "2753"]

1.b3 e5 2.Bb2 Nc6 3.e3 Nf6 4.Bb5 Bd6 5.Ne2 O-O 6.O-O a6 7.Bxc6 dxc6 8.d3 Nd7
9.e4 Nc5 10.Nd2 Ne6 11.Nc4 f6 12.Qd2 Re8 13.Kh1 b5 14.Ne3 c5 15.c4 Nd4 16.Ng3 c6
17.f3 Be6 18.Rf2 a5 19.Nef5 a4 20.Bxd4 cxd4 21.Raf1 axb3 22.axb3 Ra3 23.Nxd6 Qxd6
24.f4 Rxb3 25.cxb5 Rxb5 26.fxe5 Qxe5 27.Ne2 c5 28.Nf4 c4 29.Nxe6 c3 30.Qc1 Qxe6
31.h3 Reb8 32.Qa3 Rb1 33.Rxb1 Rxb1+ 34.Kh2 Qe5+ 35.g3 Qb8 36.Rf5 Qb2+  0-1

[Event "CHN-RUS Super Go 2015"]
[Site "Heixiazi CHN"]
[Date "2015.07.29"]
[Round "1.1"]
[White "Karjakin,Sergey"]
[Black "Wei Yi"]
[Result "1/2-1/2"]
[WhiteElo "2753"]
[BlackElo "2724"]

1.e4 e5 2.Nf3 Nc6 3.Bb5 a6 4.Ba4 Nf6 5.O-O Nxe4 6.d4 b5 7.Bb3 d5 8.dxe5 Be6
9.Nbd2 Be7 10.c3 Nc5 11.Bc2 d4 12.Nb3 d3 13.Bb1 Nxb3 14.axb3 Bf5 15.b4 O-O
16.Re1 Qd7 17.h3 Rfd8 18.Bf4 Qc8 19.Bg3 Qd7 20.Bf4 Qc8 21.Bg3 Qd7 22.Bf4 Qc8
23.Bg3 Qd7  1/2-1/2

[Event "CHN-RUS Super Go 2015"]
[Site "Heixiazi CHN"]
[Date "2015.07.29"]
[Round "1.3"]
[White "Karjakin,Sergey"]
[Black "Wei Yi"]
[Result "1-0"]
[WhiteElo "2753"]
[BlackElo "2724"]

1.Nf3 d5 2.d4 c6 3.c4 e6 4.e3 Bd6 5.Bd3 f5 6.O-O Nf6 7.b3 Qe7 8.Bb2 O-O 9.Qc1 Ne4
10.Ba3 Nd7 11.Bxd6 Qxd6 12.Qa3 c5 13.cxd5 exd5 14.Nbd2 b6 15.Rac1 Bb7 16.Rfd1 Qh6
17.dxc5 bxc5 18.h3 Ndf6 19.Qa5 Rae8 20.Qc7 Nxf2 21.Kxf2 Qxe3+ 22.Kg3 Rf7
23.Qxc5 Qxd3 24.Kh2 Qa6 25.a4 h6 26.Nd4 Nd7 27.Qb4 Ne5 28.Re1 Kh7 29.Qc3 Qf6
30.Kh1 Rfe7 31.Qc2 g6 32.Re2 Ng4 33.Rxe7+ Rxe7 34.N2f3 Ne3 35.Qc5 g5 36.Re1 g4
37.Ng1 f4 38.Re2 Ba6 39.Rf2 Re4 40.Qc7+ Kg6 41.Nc6 Nd1 42.Rd2 Ne3 43.Rf2 f3
44.gxf3 Re6 45.Nd8 Re7 46.Qg3 Rd7 47.fxg4 Qe7 48.Nc6 Qe4+ 49.Kh2 Kh7 50.Qf4 Qe6
51.Nd4 Qe8 52.Nf5 Nxf5 53.Qxf5+ Kg8 54.Qf6 Qb8+ 55.Kg2 Bb7 56.Qe6+ Kh8 57.Qxd7 d4+
58.Kf1  1-0

[Event "3rd China Mind Team"]
[Site "Zaozhuang CHN"]
[Date "2015.08.29"]
[Round "2.10"]
[White "Zhao Jun"]
[Black "Wei Yi"]
[Result "0-1"]
[WhiteElo "2616"]
[BlackElo "2725"]

1.e4 c5 2.Nf3 Nc6 3.d4 cxd4 4.Nxd4 Nf6 5.Nc3 e5 6.Ndb5 d6 7.Bg5 a6 8.Na3 b5
9.Nd5 Be7 10.Bxf6 Bxf6 11.c4 b4 12.Nc2 O-O 13.Be2 a5 14.O-O Bg5 15.Qd3 Be6
16.Rad1 Ra7 17.b3 Rd7 18.Bf3 Nb8 19.a3 bxa3 20.Nxa3 Na6 21.Nb5 Bxd5 22.cxd5 Rb7
23.Be2 Qb8 24.Ra1 Nb4 25.Qc3 Rxb5 26.Bxb5 Qxb5 27.Qc7 Qe2 28.Qxd6 Nd3 29.Qa6 Qxe4
30.Qc4 Qf5 31.Rxa5 h5 32.d6 Rc8 33.Qc7 Rxc7 34.dxc7 Qc8 35.Ra7 e4 36.Rfa1 Kh7  0-1

[Event "3rd China Mind Team"]
[Site "Zaozhuang CHN"]
[Date "2015.08.30"]
[Round "3.4"]
[White "Wei Yi"]
[Black "Ma,Zhonghan"]
[Result "1/2-1/2"]
[WhiteElo "2725"]
[BlackElo "2470"]

1.Nf3 Nf6 2.g3 g6 3.Bg2 Bg7 4.d4 d5 5.c4 dxc4 6.Na3 Nc6 7.Nxc4 Be6 8.b3 O-O
9.Bb2 a5 10.Rc1 a4 11.bxa4 Bd5 12.O-O Ra6 13.a3 e6 14.Re1 Qa8 15.Ne3 Be4
16.Ne5 Bxg2 17.Nxg2 Rxa4 18.Nxc6 bxc6 19.Rc2 Rb8 20.Qc1 Nd7 21.Nf4 Bxd4 22.Bxd4 Rxd4
23.Rxc6 Rb1 24.Qxb1 Qxc6 25.Rc1 Qb6 26.Qc2 Ne5 27.Qxc7 Qxc7 28.Rxc7 Ra4 29.Rc5 Nc4
30.Rc8+ Kg7 31.Rc7 Kf6 32.Nd3 Nxa3 33.f4 Nb5 34.Rb7 Nd6 35.Rd7 Nb5 36.Rb7 Nd6
37.Rd7 Nb5 38.Rb7  1/2-1/2

[Event "3rd China Mind Team"]
[Site "Zaozhuang CHN"]
[Date "2015.08.30"]
[Round "4.1"]
[White "Wang Yue"]
[Black "Wei Yi"]
[Result "1/2-1/2"]
[WhiteElo "2721"]
[BlackElo "2725"]

1.Nf3 Nf6 2.c4 g6 3.Nc3 d5 4.cxd5 Nxd5 5.h4 Bg7 6.h5 Nc6 7.g3 Bg4 8.h6 Bxc3
9.dxc3 Qd6 10.Bg2 O-O-O 11.Qa4 Qe6 12.O-O f6 13.Qc4 Bh3 14.Bxh3 Qxh3 15.a4 g5
16.a5 Rhg8 17.a6 Nb6 18.Qe4 Rd5 19.Qxh7 Rgd8 20.Re1 bxa6 21.b3 Rf5 22.Nd4 Nxd4
23.cxd4 Rxd4 24.Be3 Rdd5 25.Bxb6 axb6 26.Rac1 Rxf2 27.Kxf2 Qh2+ 28.Kf1 Qh1+
29.Kf2 Qh2+ 30.Kf1 Qh3+ 31.Kf2 Qh2+  1/2-1/2

[Event "3rd China Mind Team"]
[Site "Zaozhuang CHN"]
[Date "2015.08.31"]
[Round "5.1"]
[White "Wei Yi"]
[Black "Zhou Weiqi"]
[Result "1/2-1/2"]
[WhiteElo "2725"]
[BlackElo "2646"]

1.e4 e5 2.Nf3 Nc6 3.Bb5 a6 4.Ba4 Nf6 5.O-O b5 6.Bb3 Bb7 7.d3 Be7 8.Nc3 d6
9.a3 O-O 10.Re1 Qd7 11.h3 Nd4 12.Nxd4 exd4 13.Ne2 c5 14.Ng3 Rac8 15.Qf3 c4
16.Ba2 d5 17.e5 Ne8 18.Nf5 Bc5 19.b4 Bb6 20.Qf4 Rc6 21.Bb2 Rg6 22.Qf3 Rc6
23.Qf4 Rg6 24.Nh4 Nc7 25.Nxg6 fxg6 26.Qg3 Ne6  1/2-1/2

[Event "3rd China Mind Team"]
[Site "Zaozhuang CHN"]
[Date "2015.08.31"]
[Round "6.12"]
[White "Ni Hua"]
[Black "Wei Yi"]
[Result "1/2-1/2"]
[WhiteElo "2713"]
[BlackElo "2725"]

1.Nf3 Nf6 2.c4 e6 3.g3 d5 4.d4 Be7 5.Bg2 O-O 6.O-O dxc4 7.Qc2 a6 8.a4 Bd7
9.Qxc4 Bc6 10.Nc3 Nbd7 11.Bg5 h6 12.Bxf6 Nxf6 13.Rfd1 Bd5 14.Qd3 Bxf3 15.Bxf3 c6
16.e3 a5 17.Ne4 Nxe4 18.Bxe4 Qc7 19.Qc2 Rfd8 20.b3 Rd6 21.Kg2 Rad8 22.Qe2 Qb6
23.Qc2 Qc7 24.Qe2 Qb6 25.Qc2 Qb4 26.Bf3 R6d7 27.Qc4 Qb6 28.Rab1 g6 29.Be2 Kg7
30.h4  1/2-1/2

[Event "3rd China Mind Team KO"]
[Site "Zaozhuang CHN"]
[Date "2015.09.01"]
[Round "1.4"]
[White "Ni Hua"]
[Black "Wei Yi"]
[Result "1/2-1/2"]
[WhiteElo "2704"]
[BlackElo "2734"]

1.Nf3 Nf6 2.c4 g6 3.Nc3 d5 4.cxd5 Nxd5 5.Qa4+ Nc6 6.Ne5 Qd6 7.Nxc6 Qxc6 8.Qxc6+ bxc6
9.b3 Nxc3 10.Bb2 Bg7 11.Bxc3 Bxc3 12.dxc3 Be6 13.O-O-O a5 14.Kb2 a4 15.e3 axb3
16.axb3 f5 17.Be2 Kf7 18.c4 Ra6 19.Ra1 Rha8 20.Rxa6 Rxa6 21.b4 Rb6 22.Kc3 Ra6
23.Bf3 Ra3+ 24.Kd4 Rb3 25.Rc1 Rxb4 26.Kc5 Ra4 27.Rc2 Ra5+ 28.Kxc6 Ke8 29.Kxc7 Rc5+
30.Kb6 Rxc4 31.Rxc4 Bxc4 32.Kc5 Ba6 33.Kd5 Kf7 34.Ke5 e6 35.g4 h6 36.h4 fxg4
37.Bxg4 Bc4 38.f4 Ke7 39.Bd1 Bd3 40.Bb3 Bf5 41.Bc4 Kf7 42.h5 g5 43.e4 Bxe4
44.Kxe4 Kf6  1/2-1/2

[Event "3rd China Mind Team"]
[Site "Zaozhuang CHN"]
[Date "2015.09.01"]
[Round "7.4"]
[White "Wei Yi"]
[Black "Xu,Yinglun"]
[Result "1/2-1/2"]
[WhiteElo "2725"]
[BlackElo "2463"]

1.Nf3 Nf6 2.g3 d5 3.Bg2 Bg4 4.c4 c6 5.Ne5 Bf5 6.cxd5 cxd5 7.Nc3 Nc6 8.Qa4 Bd7
9.Nxd7 Qxd7 10.d4 e6 11.Bg5 Be7 12.O-O O-O 13.e3 Rfc8 14.Rfc1 h6 15.Bxf6 Bxf6
16.a3 a6 17.b4 a5 18.bxa5 Qd8 19.Ne2 Qxa5 20.Qxa5 Nxa5 21.Rxc8+ Rxc8 22.Bf1 b5
23.Rb1 Nc4 24.Rxb5 Nxa3 25.Rc5 Rxc5 26.dxc5 Nb5 27.c6 Nc7 28.Nc1 Kf8 29.Na2 Be7
30.Nc3 Ke8 31.Nb5 Nxb5 32.Bxb5 Kd8 33.Ba4  1/2-1/2